MARC

LEADER 00000cam a2200000 ab4500
001 vtls011468018
003 SK-MaSNL
005 20260301183941.0
008 240318s2015 xo g n 001 0dslo
015 |a SNBA2016/02 
020 |a 9788089688128  |q (brož.) 
035 |a urn:nbn:sk:snk-am00ba3k 
035 |a urn:nbn:sk:snk-am3h8ty 
035 |a 8AA0837D-433B-4548-85D7-1D93E13556BF 
040 |a SNK  |b slo  |c SNK  |e AACR2 
041 0 |a slo 
044 |a xo  |c SK 
072 7 |a 27  |x Kresťanstvo. Kresťanská cirkev všeobecne. Ekleziológia  |2 konspekt 
080 |a 27-475-051  |2 2001 
080 |a 272-726.3  |2 2001 
080 |a 27-4  |2 2001 
080 |a 27  |2 2001 
080 |a 272-528  |2 2001 
080 |a 27-282  |2 2001 
080 |a 27-564  |2 2001 
080 |a 27-563  |2 2001 
080 |a 27-277.2  |2 2001 
080 |a (042.5)  |2 2001 
080 |a (0:82-5)  |2 2001 
080 |a (081.1)  |2 2001 
100 1 |a Bubák, Milan,  |d 1956-  |4 aut  |9 238402 
245 1 0 |a Návrat domov  |b nedeľné príhovory z Vatikánskeho rádia : Rok B  |c Milan Bubák 
246 3 0 |a Nedeľné príhovory z Vatikánskeho rádia 
246 3 0 |a Rok B 
260 |a Nitra  |b Spoločnosť Božieho slova  |c 2015 
300 |a 207 s.  |c 20 cm 
500 |a Biogr. údaje 
504 |a Bibliogr. odkazy ; reg. 
600 1 7 |a Bubák, Milan,  |d 1956-  |2 SNKMA  |9 238402 
650 0 7 |a kazatelia  |2 SNKPH  |9 39200 
650 0 7 |a katolícki kňazi  |2 SNKPH  |9 1290 
650 0 7 |a kresťanský život  |2 SNKPH  |9 1808 
650 0 7 |a kresťanská viera  |2 SNKPH  |9 1712 
650 0 7 |a katolícká liturgia  |2 SNKPH  |9 1989 
650 0 7 |a liturgické texty  |2 SNKPH  |9 2001 
650 0 7 |a cirkevný rok  |2 SNKPH  |9 739 
650 0 7 |a nedeľa  |2 SNKPH  |9 1970 
650 0 7 |a biblické citáty  |2 SNKPH  |9 1914 
650 0 7 |a Preachers  |2 SNKPHeng  |9 329437 
650 0 7 |a Catholic priests  |2 SNKPHeng  |9 267999 
650 0 7 |a Christian life  |2 SNKPHeng  |9 265582 
650 0 7 |a Christian faith  |2 SNKPHeng  |9 266204 
650 0 7 |a Catholic liturgy  |2 SNKPHeng  |9 268050 
650 0 7 |a Liturgical texts  |2 SNKPHeng  |9 265840 
650 0 7 |a Church year  |2 SNKPHeng  |9 265839 
650 0 7 |a Sunday  |2 SNKPHeng  |9 333981 
650 0 7 |a Biblical quotations  |2 SNKPHeng  |9 268253 
655 7 |a príhovory  |2 SNKPH  |9 75648 
655 7 |a kázne  |2 SNKPH  |9 70516 
655 7 |a zobrané spisy  |2 SNKPH  |9 70576 
655 7 |a Sermons  |2 SNKPHeng  |9 306073 
655 7 |a Collected works  |2 SNKPHeng  |9 286653 
852 |a Štátna vedecká knižnica v Banskej Bystrici 
919 |a 978-80-89688-12-8 
958 |a NT 
958 |a NB 
999 |c 858905  |d 860835 
952 |a SNK  |b SNK  |y PREZ  |7 0  |p 17A1178367  |o snkSD 84946  |i snk2016/2647  |8 0  |0 0  |1 0  |4 0  |d 2016-02-02  |f 1  |l 0  |r 2017-06-30 00:00:00  |w 2026-02-24 
952 |a SNK  |b SNK  |y VYP  |7 0  |p 17A1178368  |o snkSD 84946 D1  |i snk2016/2648  |8 0  |0 0  |1 0  |4 0  |d 2016-02-02  |l 0  |r 2017-06-30 00:00:00  |w 2026-02-24